000 01660nam a2200481 i 4500
001 47054
003 KOSZ 005
005 20200623114941.0
008 200406s1972 pl a f 000 0 pol
015 _aUWD 1972/10063
035 _a991035850369705066
035 _a(PL-WaBN)b19638164-48omnis_nlop
035 _ab19638164
035 _a(OCoLC)749383866
035 _a(PL)b0000001963816
035 _a(EXLNZ-48OMNIS_NETWORK)9910306955905606
040 _aWA N
_cWA N
_dKOSZ 005/RW
046 _k1972
080 _a551.4(438)
245 0 0 _aGeomorfologia Polski :
_bpraca zbiorowa.
_n T. 2,
_pNiż Polski /
_cpod redakcją Rajmunda Galona.
246 3 0 _aNiż Polski
260 _aWarszawa :
_bPaństwowe Wydawnictwo Naukowe,
_c1972.
300 _a372, [5] strony, [3] strony tablic :
_bilustracje, mapy ;
_c25 cm.
336 _aTekst
_btxt
_2rdacontent
337 _aBez urządzenia pośredniczącego
_bn
_2rdamedia
338 _aWolumin
_bnc
_2rdacarrier
380 _aKsiążki
380 _aPublikacje naukowe
388 _a1901-2000
388 _a1945-1989
504 _aBibliografia przy niektórych rozdziałach.
650 7 _aGeomorfologia
650 7 _aRzeźba terenu
650 7 _aRegiony fizycznogeograficzne
651 7 _aPolska
_2DBN
655 7 _aPraca zbiorowa
658 _aGeografia i nauki o Ziemi
700 1 _aGalon, Rajmund
_d(1906-1986)
_eRedakcja
710 2 _aPaństwowe Wydawnictwo Naukowe
_4pbl
856 _uhttp://koha.tu.koszalin.pl/cgi-bin/koha/opac-detail.pl?biblionumber=47054
_yKatalog online BPK
942 _2UKD
_cKS
999 _c47054
_d47054